[Event "FICGS rapid B 000186 email"]
[Site "FICGS email"]
[Date "2011.09.01"]
[Round "1"]
[White "Wilson, Norman C"]
[Black "Rogers, Michael"]
[Result "1/2-1/2"]
[WhiteElo "1768"]
[BlackElo "1808"]
[PlyCount "145"]
[EventDate "2011.??.??"]
[EventType "tourn (rapid)"]
[EventRounds "6"]
[SourceTitle "Corr 2013"]
[Source "ChessBase"]
[SourceDate "2012.11.12"]
[SourceVersion "1"]
[SourceVersionDate "2012.11.12"]
[SourceQuality "1"]

1. d4 f5 2. Nf3 e6 3. d5 exd5 4. Qxd5 d6 5. Ng5 Qe7 6. Nxh7 c6 7. Qb3 Rxh7 8. Qxg8 Rh4 9. Qb3 Na6 10. g3 Be6 11. Bg5 Qd7 12. Qc3 d5 13. Qd2 Rh8 14. Bg2 Nc5 15. h4 Bg8 16. c3 Ne6 17. Bf3 Bd6 18. Na3 Nxg5 19. Qxg5 Qf7 20. Nc2 Rh6 21. 0-0-0 Bh7 22. h5 f4 23. g4 Be7 24. Qe5 Re6 25. Qc7 Bg5 26. Qxf7+ Kxf7 27. b4 Ree8 28. Nd4 a6 29. a4 Kg8 30. Kb2 a5 31. b5 Rac8 32. Rd2 Kh8 33. Rg1 Bg8 34. Rc1 Bf6 35. Kc2 Bh4 36. Rf1 cxb5 37. Nxb5 Rc5 38. Kb2 Rd8 39. Rd4 Rf8 40. Rd3 Re8 41. e3 Rf8 42. exf4 Rxf4 43. Bd1 Be6 44. f3 Bxg4 45. Rd4 Rc4 46. Rxd5 Bh3 47. Rh1 Bg2 48. Rh2 Bxf3 49. Bxf3 Rxf3 50. Nd4 Rf4 51. Kb3 Rc8 52. Rb5 Bf2 53. Rxb7 Bxd4 54. cxd4 Rxd4 55. Rb5 Kh7 56. Rxa5 Rd3+ 57. Ka2 Rcc3 58. Kb1 Rd4 59. Kb2 Rg3 60. Ra8 Rgg4 61. a5 Rb4+ 62. Kc3 Rbc4+ 63. Kd3 Ra4 64. Rc2 Ra3+ 65. Kd2 Rg5 66. a6 Rxh5 67. Kc1 Rh6 68. a7 Rh1+ 69. Kb2 Rha1 70. Rc7 R1a2+ 71. Kb1 Ra1+ 72. Kc2 R1a2+ 73. Kc1 1/2-1/2

[Event "FICGS rapid B 000183 email"]
[Site "FICGS email"]
[Date "2011.07.01"]
[Round "1"]
[White "Wilson, Norman C"]
[Black "Ponting, Andrew"]
[Result "1-0"]
[WhiteElo "1721"]
[BlackElo "1800"]
[PlyCount "23"]
[EventDate "2011.??.??"]
[EventType "tourn (rapid)"]
[EventRounds "6"]
[SourceTitle "Corr 2013"]
[Source "ChessBase"]
[SourceDate "2012.11.12"]
[SourceVersion "1"]
[SourceVersionDate "2012.11.12"]
[SourceQuality "1"]

1. d4 Nf6 2. c4 g6 3. Nc3 d5 4. Nf3 Bg7 5. Bg5 dxc4 6. e4 b6 7. Bxc4 0-0 8. e5 Ne8 9. h4 Bg4 10. Nd5 Nc6 11. Qa4 Bxf3 12. gxf3 1-0

[Event "FICGS rapid B 000183 email"]
[Site "FICGS email"]
[Date "2011.07.01"]
[Round "1"]
[White "Wilson, Norman C"]
[Black "Ropokis, Dimitrios"]
[Result "1-0"]
[WhiteElo "1721"]
[BlackElo "1798"]
[PlyCount "79"]
[EventDate "2011.??.??"]
[EventType "tourn (rapid)"]
[EventRounds "6"]
[SourceTitle "Corr 2013"]
[Source "ChessBase"]
[SourceDate "2012.11.12"]
[SourceVersion "1"]
[SourceVersionDate "2012.11.12"]
[SourceQuality "1"]

1. e4 c5 2. Nf3 g6 3. c3 Bg7 4. d4 cxd4 5. cxd4 d6 6. h3 Nf6 7. Nc3 0-0 8. Be2 Nc6 9. 0-0 e6 10. Bg5 Qb6 11. Rb1 a6 12. Be3 d5 13. e5 Nd7 14. Qd2 f6 15. exf6 Nxf6 16. Rbc1 Qd8 17. Ne5 Nd7 18. Nxc6 bxc6 19. Bg4 Nb6 20. b3 e5 21. dxe5 Bxe5 22. Bxb6 Bxc3 23. Qxc3 Qxb6 24. Qxc6 Qxc6 25. Rxc6 Bxg4 26. hxg4 a5 27. Rc5 a4 28. b4 Rf4 29. a3 Rxg4 30. Rxd5 Rc4 31. Rfd1 Rc3 32. Ra5 Rxa5 33. bxa5 Rc6 34. Rd8+ Kg7 35. Ra8 Kf6 36. a6 Rc7 37. f3 Ke5 38. a7 Re7 39. Kf2 g5 40. g3 1-0

[Event "FICGS rapid B 000182 email"]
[Site "FICGS email"]
[Date "2011.06.18"]
[Round "1"]
[White "Wilson, Norman C"]
[Black "Ropokis, Dimitrios"]
[Result "1-0"]
[WhiteElo "1721"]
[BlackElo "1798"]
[PlyCount "107"]
[EventDate "2011.??.??"]
[EventType "tourn (rapid)"]
[EventRounds "1"]
[SourceTitle "Corr 2013"]
[Source "ChessBase"]
[SourceDate "2012.11.12"]
[SourceVersion "1"]
[SourceVersionDate "2012.11.12"]
[SourceQuality "1"]

1. d4 Nf6 2. c4 e5 3. dxe5 Ne4 4. Nf3 Bb4+ 5. Nbd2 Nc6 6. a3 Nxd2 7. Bxd2 Bxd2+ 8. Qxd2 0-0 9. Rd1 Re8 10. Qf4 b6 11. e3 Qe7 12. Rd5 Nd8 13. Be2 Bb7 14. Rd2 Ne6 15. Qg4 Rad8 16. 0-0 g6 17. b4 h5 18. Qh4 Qxh4 19. Nxh4 Nf8 20. f4 d6 21. Rfd1 Rb8 22. exd6 Rxe3 23. dxc7 Rc8 24. Bd3 Rxc7 25. Kf2 Re8 26. Nf3 Kg7 27. Bf1 Bc8 28. Re2 Ne6 29. Re5 Ba6 30. f5 gxf5 31. Rxf5 Bxc4 32. Bxc4 Rxc4 33. Rd7 a5 34. bxa5 bxa5 35. Rdxf7+ Kg8 36. h3 Ra4 37. Ra7 Rxa3 38. Re5 a4 39. Kg1 Rb3 40. Rxh5 a3 41. Rha5 Nf4 42. Rxa3 Rxa3 43. Rxa3 Re2 44. Nh4 Kg7 45. Kh2 Nd5 46. Kg3 Rb2 47. Kf3 Rc2 48. g4 Rb2 49. Nf5+ Kf6 50. h4 Rc2 51. Ra6+ Kf7 52. g5 Rc1 53. g6+ Kg8 54. Ra8+ 1-0

[Event "FICGS rapid B 000176 email"]
[Site "FICGS email"]
[Date "2011.02.23"]
[Round "1"]
[White "Wilson, Norman C"]
[Black "Jabot, Daniel"]
[Result "1/2-1/2"]
[WhiteElo "1840"]
[BlackElo "1877"]
[PlyCount "59"]
[EventDate "2011.??.??"]
[EventType "tourn (rapid)"]
[EventRounds "6"]
[SourceTitle "Corr 2013"]
[Source "ChessBase"]
[SourceDate "2012.11.12"]
[SourceVersion "1"]
[SourceVersionDate "2012.11.12"]
[SourceQuality "1"]

1. d4 Nf6 2. Bf4 g6 3. e3 d6 4. Nd2 Bg7 5. Bc4 0-0 6. Ngf3 Nbd7 7. h3 Qe8 8. Bh2 e5 9. dxe5 dxe5 10. e4 Qe7 11. 0-0 Ne8 12. Qe2 Nd6 13. a4 a5 14. Rfd1 b6 15. Bd5 Ba6 16. Qe3 Bb7 17. Bxb7 Nxb7 18. Nc4 f6 19. Nfd2 Ndc5 20. Nb1 Ne6 21. Nc3 Qc5 22. b3 Qxe3 23. Nxe3 Nbc5 24. f3 Rf7 25. Kh1 Re8 26. Bg1 Nd4 27. Nb5 f5 28. exf5 gxf5 29. Rab1 Rd7 30. Nxd4 1/2-1/2

[Event "FICGS rapid B 000168 email"]
[Site "FICGS email"]
[Date "2010.12.17"]
[Round "1"]
[White "Wilson, Norman C"]
[Black "Jabot, Daniel"]
[Result "0-1"]
[WhiteElo "1864"]
[BlackElo "1700"]
[PlyCount "74"]
[EventDate "2010.??.??"]
[EventType "tourn (rapid)"]
[EventRounds "6"]
[SourceTitle "Corr 2013"]
[Source "ChessBase"]
[SourceDate "2012.11.12"]
[SourceVersion "1"]
[SourceVersionDate "2012.11.12"]
[SourceQuality "1"]

1. d4 d5 2. c4 e6 3. Nf3 Nf6 4. Nc3 c6 5. e3 Nbd7 6. Bd3 dxc4 7. Bxc4 b5 8. Bd3 Bd6 9. 0-0 0-0 10. Bd2 Bb7 11. Rc1 Rc8 12. a3 a5 13. Ne4 Nxe4 14. Bxe4 Nf6 15. Bd3 b4 16. axb4 axb4 17. e4 Be7 18. e5 Nd5 19. Qe2 Re8 20. Qe4 g6 21. Ra1 c5 22. Rfc1 Qb6 23. dxc5 Rxc5 24. Rxc5 Bxc5 25. Qh4 h5 26. Bh6 Ra8 27. Rxa8+ Bxa8 28. Nd2 Bc6 29. Nb3 Be7 30. Qg3 Be8 31. Bd2 Qa7 32. Bb1 Qc7 33. Nc1 h4 34. Qg4 Qxe5 35. Nd3 Qh8 36. Ba2 Bb5 37. Bc4 Bxc4 0-1

[Event "FICGS class B 000121 email"]
[Site "FICGS email"]
[Date "2010.08.24"]
[Round "1"]
[White "Wilson, Norman C"]
[Black "Skwarczylo, Marek"]
[Result "0-1"]
[WhiteElo "1835"]
[BlackElo "1964"]
[PlyCount "108"]
[EventDate "2010.??.??"]
[EventType "tourn (corr)"]
[EventRounds "1"]
[SourceTitle "Corr 2013"]
[Source "ChessBase"]
[SourceDate "2012.11.12"]
[SourceVersion "1"]
[SourceVersionDate "2012.11.12"]
[SourceQuality "1"]

1. d4 Nf6 2. c4 g6 3. Nc3 Bg7 4. e4 0-0 5. Be2 d6 6. Bg5 h6 7. Be3 e5 8. d5 a5 9. Qd2 Kh7 10. h4 Na6 11. h5 g5 12. f3 Nd7 13. Nh3 Ndc5 14. g4 Bf6 15. 0-0-0 Bd7 16. Nb5 a4 17. Kb1 Be7 18. Nf2 Qb8 19. Bf1 c6 20. Nc3 Qc7 21. Ne2 cxd5 22. cxd5 Rfc8 23. Rc1 Qb6 24. Nd3 Bd8 25. Qd1 Qa7 26. Nxc5 Nxc5 27. Nc3 Qa5 28. Bd2 Qb6 29. Bc4 Kg7 30. Qe2 Nb3 31. Bxb3 axb3 32. a3 Qc5 33. Rhe1 Ba5 34. Nd1 Qc2+ 35. Rxc2 bxc2+ 36. Ka2 Bxd2 37. Nc3 c1Q 38. Rxc1 Bxc1 39. Kb1 Rxc3 40. bxc3 Bxa3 41. Qc4 Bc5 42. Qe2 Ra3 43. Qb2 Ba4 44. Qd2 Rb3+ 45. Ka2 Ba3 46. Qe1 Bb2 47. Qf1 Bxc3 48. Qc4 b5 49. Qxb3 Bxb3+ 50. Kxb3 Ba5 51. Kc2 Kf8 52. Kb3 Ke7 53. Kc2 Kd7 54. Kd1 Kc7 0-1

[Event "FICGS rapid B 000156 email"]
[Site "FICGS email"]
[Date "2010.07.26"]
[Round "1"]
[White "Padilla, Jesus"]
[Black "Wilson, Norman C"]
[Result "0-1"]
[WhiteElo "1718"]
[BlackElo "1835"]
[PlyCount "104"]
[EventDate "2010.??.??"]
[EventType "tourn (rapid)"]
[EventRounds "6"]
[SourceTitle "Corr 2013"]
[Source "ChessBase"]
[SourceDate "2012.11.12"]
[SourceVersion "1"]
[SourceVersionDate "2012.11.12"]
[SourceQuality "1"]

1. e4 c5 2. Nf3 e6 3. d4 cxd4 4. Nxd4 Nf6 5. Nc3 Nc6 6. Ndb5 d6 7. Bf4 e5 8. Bg5 a6 9. Na3 Be7 10. Bxf6 Bxf6 11. Nd5 0-0 12. Be2 b5 13. 0-0 Be6 14. c3 Bg5 15. Nc2 Rb8 16. Nce3 Ne7 17. Nxe7+ Qxe7 18. Qd3 Qa7 19. Nd5 f5 20. Nb4 Qb6 21. exf5 Bc4 22. Qe4 Bxe2 23. Qxe2 Rxf5 24. Kh1 a5 25. Nd5 Qc5 26. Rad1 Qc4 27. Qc2 Rf7 28. b3 Qc6 29. Rfe1 a4 30. f3 Rc8 31. bxa4 bxa4 32. Re4 a3 33. Qb3 Qa6 34. h3 Kf8 35. Qc2 g6 36. Ra4 Qc6 37. Rxa3 Rb7 38. Qe4 Qc4 39. Qxc4 Rxc4 40. Ra6 Rb2 41. Ra7 h6 42. a3 Rc6 43. a4 Bh4 44. a5 Bf2 45. Ra8+ Kf7 46. a6 h5 47. Nb4 Rxc3 48. Nd3 Rxd3 49. Rxd3 Rb1+ 50. Kh2 h4 51. g4 hxg3+ 52. Kg2 Rg1# 0-1

[Event "FICGS rapid B 000156 email"]
[Site "FICGS email"]
[Date "2010.07.26"]
[Round "1"]
[White "Wilson, Norman C"]
[Black "Vasquez, Fernando Jose Pinto"]
[Result "0-1"]
[WhiteElo "1835"]
[BlackElo "1835"]
[PlyCount "92"]
[EventDate "2010.??.??"]
[EventType "tourn (rapid)"]
[EventRounds "6"]
[SourceTitle "Corr 2013"]
[Source "ChessBase"]
[SourceDate "2012.11.12"]
[SourceVersion "1"]
[SourceVersionDate "2012.11.12"]
[SourceQuality "1"]

1. e4 e5 2. Nf3 Nf6 3. Nxe5 d6 4. Nf3 Nxe4 5. d4 d5 6. Bd3 Nc6 7. 0-0 Be7 8. c4 Nb4 9. Re1 Nxd3 10. Qxd3 c6 11. cxd5 cxd5 12. Qb5+ Qd7 13. Qb3 0-0 14. Nc3 Nxc3 15. bxc3 f6 16. a4 Rd8 17. a5 Bf8 18. Ba3 Qc6 19. Bxf8 Rxf8 20. Re7 Bd7 21. Nd2 Rae8 22. Rxe8 Rxe8 23. Nf1 Be6 24. Rb1 Rb8 25. Qa3 Rc8 26. Qe7 Rc7 27. Qd8+ Kf7 28. Qb8 Bf5 29. Rb3 Re7 30. h3 Qc7 31. Qxa7 Kg6 32. Ne3 Rxe3 33. fxe3 Qg3 34. Rb2 Qxe3+ 35. Kh2 Qf4+ 36. g3 Qf3 37. Qxb7 Be4 38. g4 Qf4+ 39. Kg1 Qg3+ 40. Kf1 Bd3+ 41. Re2 Qf3+ 42. Kg1 Bxe2 43. Qb1+ Bd3 44. Qe1 Be4 45. Qd2 Qg3+ 46. Kf1 Bd3+ 0-1

[Event "FICGS class B 000117 email"]
[Site "FICGS email"]
[Date "2010.07.25"]
[Round "1"]
[White "Stephen"]
[Black "Wilson, Norman C"]
[Result "1/2-1/2"]
[WhiteElo "1996"]
[BlackElo "1835"]
[PlyCount "70"]
[EventDate "2010.??.??"]
[EventType "tourn (corr)"]
[EventRounds "6"]
[SourceTitle "Corr 2013"]
[Source "ChessBase"]
[SourceDate "2012.11.12"]
[SourceVersion "1"]
[SourceVersionDate "2012.11.12"]
[SourceQuality "1"]

1. Nf3 Nf6 2. c4 e6 3. Nc3 d5 4. d4 Be7 5. Bf4 0-0 6. e3 Nc6 7. a3 Nh5 8. Be5 a6 9. h3 g6 10. Bh2 Nf6 11. Rc1 Bd6 12. Bxd6 cxd6 13. cxd5 Nxd5 14. Bd3 Nxc3 15. Rxc3 Bd7 16. 0-0 Rc8 17. Qd2 Qb6 18. Rfc1 f6 19. b4 Kg7 20. Be2 Ne7 21. e4 Rxc3 22. Rxc3 h6 23. Bd3 g5 24. Rc1 Rc8 25. Rxc8 Bxc8 26. e5 dxe5 27. dxe5 f5 28. Bc4 Qc7 29. Bb3 Ng6 30. g3 b6 31. Nd4 Qxe5 32. Qc3 Bb7 33. Bxe6 f4 34. Bg4 Kf6 35. Kh2 Be4 1/2-1/2

[Event "FICGS class B 000117 email"]
[Site "FICGS email"]
[Date "2010.07.25"]
[Round "1"]
[White "Wilson, Norman C"]
[Black "Ropokis, Dimitrios"]
[Result "1-0"]
[WhiteElo "1835"]
[BlackElo "1800"]
[PlyCount "39"]
[EventDate "2010.??.??"]
[EventType "tourn (corr)"]
[EventRounds "6"]
[SourceTitle "Corr 2013"]
[Source "ChessBase"]
[SourceDate "2012.11.12"]
[SourceVersion "1"]
[SourceVersionDate "2012.11.12"]
[SourceQuality "1"]

1. e4 c6 2. d4 d5 3. Nd2 dxe4 4. Nxe4 Nf6 5. Nxf6+ exf6 6. Nf3 Bd6 7. Bd3 0-0 8. 0-0 Bg4 9. h3 Bxf3 10. Qxf3 Nd7 11. Re1 Qc7 12. Qe4 g6 13. Bh6 Rfe8 14. Qxe8+ Rxe8 15. Rxe8+ Nf8 16. Rae1 Qd7 17. c4 b6 18. Ra8 Be7 19. Rxe7 Qxe7 20. Rxf8+ 1-0

[Event "FICGS class B 000117 email"]
[Site "FICGS email"]
[Date "2010.07.25"]
[Round "1"]
[White "Wilson, Norman C"]
[Black "Vasquez, Fernando Jose Pinto"]
[Result "0-1"]
[WhiteElo "1835"]
[BlackElo "1835"]
[PlyCount "32"]
[EventDate "2010.??.??"]
[EventType "tourn (corr)"]
[EventRounds "6"]
[SourceTitle "Corr 2013"]
[Source "ChessBase"]
[SourceDate "2012.11.12"]
[SourceVersion "1"]
[SourceVersionDate "2012.11.12"]
[SourceQuality "1"]

1. e4 e5 2. Nf3 Nf6 3. Nxe5 d6 4. Nf3 Nxe4 5. d4 d5 6. Bd3 Be7 7. 0-0 Nc6 8. Re1 Bg4 9. c4 Nf6 10. cxd5 Bxf3 11. Qxf3 Qxd5 12. Qxd5 Nxd5 13. Be4 0-0-0 14. Nc3 Bb4 15. Bxd5 Rxd5 16. Ne4 Bxe1 0-1

[Event "FICGS rapid B 000146 email"]
[Site "FICGS email"]
[Date "2010.03.20"]
[Round "1"]
[White "Wilson, Norman C"]
[Black "Riline, Alejandro"]
[Result "1-0"]
[WhiteElo "1747"]
[BlackElo "1857"]
[PlyCount "83"]
[EventDate "2010.??.??"]
[EventType "tourn (rapid)"]
[EventRounds "5"]
[SourceTitle "Corr 2013"]
[Source "ChessBase"]
[SourceDate "2012.11.12"]
[SourceVersion "1"]
[SourceVersionDate "2012.11.12"]
[SourceQuality "1"]

1. e4 e5 2. Nf3 Nc6 3. Nc3 Be7 4. Bb5 d6 5. 0-0 Nf6 6. d4 exd4 7. Nxd4 Bd7 8. Bxc6 bxc6 9. Qf3 c5 10. Nf5 Bxf5 11. Qxf5 0-0 12. b3 Qc8 13. Qxc8 Raxc8 14. Bb2 Rfe8 15. Rfe1 Bf8 16. f3 Nd7 17. Rad1 g6 18. f4 Nb6 19. e5 Bg7 20. Ne4 Rcd8 21. a4 Nd7 22. exd6 Bxb2 23. dxc7 Rc8 24. Rxd7 f5 25. Rb1 Rxe4 26. Rxb2 Rd4 27. Re7 Re4 28. Rxe4 fxe4 29. Rb1 Rxc7 30. Re1 c4 31. b4 c3 32. Rxe4 Rd7 33. Rc4 Rd1+ 34. Kf2 Rd2+ 35. Ke3 Rxc2 36. b5 Rxg2 37. Rxc3 Rxh2 38. Rc8+ Kf7 39. Rc7+ Ke6 40. Rxa7 Kd5 41. b6 Ra2 42. b7 1-0

[Event "FICGS rapid B 000146 email"]
[Site "FICGS email"]
[Date "2010.03.20"]
[Round "1"]
[White "Wilson, Norman C"]
[Black "Sternik, Ryszard"]
[Result "1-0"]
[WhiteElo "1747"]
[BlackElo "1887"]
[PlyCount "95"]
[EventDate "2010.??.??"]
[EventType "tourn (rapid)"]
[EventRounds "5"]
[SourceTitle "Corr 2013"]
[Source "ChessBase"]
[SourceDate "2012.11.12"]
[SourceVersion "1"]
[SourceVersionDate "2012.11.12"]
[SourceQuality "1"]

1. e4 e5 2. Nf3 Nc6 3. Nc3 Nf6 4. Bb5 Nd4 5. d3 c6 6. Ba4 b5 7. Bb3 Nxb3 8. axb3 d6 9. Ne2 Be7 10. Bd2 0-0 11. Ba5 Qd7 12. Ng3 Qb7 13. 0-0 c5 14. Bc3 b4 15. Bd2 Re8 16. Bg5 h6 17. Bxf6 Bxf6 18. Nd2 Be6 19. Nc4 Be7 20. Qh5 Qd7 21. Nf5 Bxf5 22. Qxf5 Qxf5 23. exf5 d5 24. Ne3 Red8 25. Ra5 Rd7 26. Rfa1 h5 27. Kf1 Kf8 28. Ke2 h4 29. h3 f6 30. Kf3 g5 31. fxg6 Kg7 32. Nf5+ Kxg6 33. Nxh4+ Kg5 34. g3 f5 35. Ng2 d4 36. Ra6 Bd6 37. Nh4 Re8 38. Rxa7 Rxa7 39. Rxa7 Re7 40. Ra8 e4+ 41. Ke2 Re6 42. Rg8+ Kf6 43. Rh8 f4 44. gxf4 Kf7 45. Rh7+ Kf6 46. Rh6+ Kf7 47. Rxe6 Kxe6 48. dxe4 1-0